|
|
|
|
| LEADER |
00000nam0a2200000 4500 |
| 001 |
184109 |
| 005 |
20231101223823.0 |
| 035 |
|
|
|a (RuTPU)RU\TPU\book\199590
|
| 090 |
|
|
|a 184109
|
| 100 |
|
|
|a 20100827d1971 m y0rusy50 ca
|
| 101 |
0 |
|
|a rus
|
| 102 |
|
|
|a RU
|
| 105 |
|
|
|a a j 001zy
|
| 200 |
1 |
|
|a Основы физической химии
|e учебник для техникумов
|f И. И. Борнацкий
|
| 205 |
|
|
|a 2-е изд., испр. и доп.
|
| 210 |
|
|
|a Москва
|c Металлургия
|d 1971
|
| 215 |
|
|
|a 344 с.
|c ил.
|
| 320 |
|
|
|a Библиогр.: с. 342.
|
| 606 |
1 |
|
|a Физическая химия
|2 stltpush
|3 (RuTPU)RU\TPU\subj\67669
|9 83390
|
| 610 |
1 |
|
|a атомы
|
| 610 |
1 |
|
|a строение
|
| 610 |
1 |
|
|a агрегатные состояния
|
| 610 |
1 |
|
|a химическая термодинамика
|
| 610 |
1 |
|
|a термохимия
|
| 610 |
1 |
|
|a фазовое равновесие
|
| 610 |
1 |
|
|a превращения
|
| 610 |
1 |
|
|a растворы
|
| 610 |
1 |
|
|a химическое равновесие
|
| 610 |
1 |
|
|a химическая кинетика
|
| 610 |
1 |
|
|a катализ
|
| 610 |
1 |
|
|a поверхностные явления
|
| 610 |
1 |
|
|a адсорбционные процессы
|
| 610 |
1 |
|
|a электрохимия
|
| 610 |
1 |
|
|a вещество
|
| 610 |
1 |
|
|a коллоидное состояние
|
| 610 |
1 |
|
|a учебники
|
| 675 |
|
|
|a 544(075.8)
|v 3
|
| 700 |
|
1 |
|a Борнацкий
|b И. И.
|g Иван Иванович
|
| 801 |
|
1 |
|a RU
|b 63413507
|c 20100827
|
| 801 |
|
2 |
|a RU
|b 63413507
|c 20160802
|g RCR
|
| 942 |
|
|
|c BK
|